صدمة الديمقراطية / (Record no. 14935)
[ view plain ]
| 000 -الفاتح | |
|---|---|
| حقل البيانات ثابتة الطول | 00728nam a22001817a 4500 |
| 008 - عناصر البيانات ثابتة الطول - معلومات عامة | |
| حقل البيانات ثابتة الطول | 110122s1993 ua|||||r|||| 000 0 ara d |
| 020 ## - الرقم الدولى المعيارى للكتب | |
| الرقم الدولى المعيارى للكتاب | 9775140366 |
| 082 ## - رقم تصنيف ديوى العشرى | |
| رقم التصنيف | 321.8 |
| رقم المادة | ح ا ف |
| 100 ## - المدخل الرئيسى - إسم شخصى | |
| 9 (RLIN) | 8763 |
| الإسم الشخصى | حافظ، صلاح الدين |
| 245 ## - بيان العنوان | |
| العنوان | صدمة الديمقراطية / |
| بيان المسئوليه,etc | صلاح الدين حافظ |
| 260 ## - PUBLICATION, DISTRIBUTION, ETC. (IMPRINT) | |
| مكان الناشر او الموزع | القاهرة : |
| اسم الناشر او الموزع | سينا للنشر ، 1993 |
| تاريخ النشر أو التوزيع | 1993 |
| 300 ## - الوصف المادى | |
| التعداد | 276 ص ؛ |
| أبعاد الوعاء | 25 سم |
| 500 ## - تبصرة عامة | |
| تبصرة عامة | يشتمل على ملاحق |
| 541 ## - تبصرة المصدر المباشر للتزويد | |
| مصدر التزويد | د. باسم أحمد ؛ |
| طريقة التزويد | إهداء ؛ |
| 650 ## - المدخل الاضافى بالموضوع-مصطلح موضوعى | |
| 9 (RLIN) | 13389 |
| مصطلح موضوعي أو اسم جغرافي كعنصر مدخل | الديمقراطية |
| 942 ## - عناصر المدخل الإضافي( كوها) | |
| مصدر التصنيف او مخطط الترفيف | Dewey Decimal Classification |
| Koha [default] item type | Book - Borrowing |
| حالة التراجع | حالة الفقد | مصدر التصنيف او خطة الترفيف | حالة تلف | ليس للاعارة | مجموعات كوها | المكان الدائم | المكان الحالي | موقع الترفيف | تاريخ الاكتساب | Source of acquisition | رقم الاستدعاء | الباركود | Date last seen | نوع الوعاء |
|---|---|---|---|---|---|---|---|---|---|---|---|---|---|---|
| Dewey Decimal Classification | Central Library | Central Library | First floor | 22/01/2011 | Donation | 321.8 ح ا ف | 000022770 | 15/07/2025 | Book - Borrowing |